Statistics for Biggest Cities in Every Century: BCE Edition

Click here to take the quiz!

General Stats

  • This quiz has been taken 32 times
  • The average score is 6 of 21

Answer Stats

HintAnswer% Correct
0Rome
96%
1700 BCBabylon
57%
400 BCBabylon
57%
500 BCBabylon
57%
600 BCBabylon
57%
100 BCAlexandria
54%
200 BCAlexandria
54%
2000 BCMemphis
39%
300 BCCarthage
29%
1400 BCThebes
29%
700 BCThebes
29%
1500 BCThebes
29%
1000 BCThebes
29%
1600 BCAvaris
4%
1800 BCMari
4%
800 BCHaojing
0%
900 BCHaojing
0%
1900 BCIsin
0%
1100 BCPi-Ramses
0%
1200 BCPi-Ramses
0%
1300 BCYinxu
0%

Score Distribution

Percentile by Number Answered

Percent of People with Each Score

Your Score History

You have not taken this quiz